00353nam a2200145Ia 45000030006000000080041000060400015000471000018000622450032000802500006001122600054001183000006001725460012001780050017001900STCL150530s9999 xx 000 0 und d aSTCLcSTCL aLindsay, S.M. aIntroduction to Nanoscience a1 bOxford University press; New Yorkc2010aNew York a0 aEnglish20220125170135.0